000 00477nam a2200181Ia 4500
001 1288
005 20260306140621.0
008 260306t1999||||xx |||||||||||||| ||spa||
041 _aESP
082 _a190
_bF39
100 _aFerraro, Christian Adrián
_eAUT
245 0 _aEl naufragio del progresismo:
_breflexiones sobre el pensamiento de Karl Rahner
260 _c1999
300 _a514 páginas :
_c21 cm.
650 _aGEN
654 _aCHU
942 _cLIB
_dJUS
_fJUS
_2ddc
_n
999 _c1288
_d1288